| 000 | 00475nam a2200169 i 4500 | ||
|---|---|---|---|
| 001 | 140759 | ||
| 003 | ES-MaACL | ||
| 005 | 20240516063048.0 | ||
| 007 | t| | ||
| 008 | 070917s1912 xxk ||||1| eng d | ||
| 100 | 0 |
_aWells, H. G., _d1866-1946 _9116458 |
|
| 245 | 1 | 0 |
_aIn the days of the comet / _cH. G. Wells. |
| 260 |
_aLondon : _bMacmillan and CÂș., _c1912. |
||
| 300 |
_aVIII, 305 p. ; _c20 cm. |
||
| 852 |
_aES-MaACL _jF-2405 |
||
| 999 |
_c140759 _d140759 |
||